An introduction to the sociology of religion (Record no. 27264)

MARC details
000 -LEADER
fixed length control field 00458nam a2200181Ia 4500
020 ## - INTERNATIONAL STANDARD BOOK NUMBER
ISBN 9783526553
050 ## - CALL MARK
Classification number BL 60 .D98/
100 ## - STATEMENT OF RESPONSIBILITY--MAIN AUTHOR NAME
Personal name Dzurgba, Akpenpuun
245 #3 - TITLE STATEMENT
Title An introduction to the sociology of religion
260 ## - PUBLICATION, DISTRIBUTION, ETC. (IMPRINT)
Place of publication Ibadan
260 ## - PUBLICATION, DISTRIBUTION, ETC. (IMPRINT)
Name of publisher John Archers publishers Ltd.
260 ## - PUBLICATION, DISTRIBUTION, ETC. (IMPRINT)
Year of publication 2009
300 ## - PHYSICAL DESCRIPTION
Number of Pages 130 p
650 ## - SUBJECT ADDED ENTRY--TOPICAL TERM
Topical Term Religion and sociology.
942 ## - ADDED ENTRY ELEMENTS (KOHA)
Koha item type Books
Holdings
Withdrawn status Lost status Source of classification or shelving scheme Damaged status Not for loan Permanent Location Current Location Date acquired Accession Number Price effective from Koha item type
    Library of Congress Classification     NILE UNIVERSITY OF NIGERIA - MAIN LIBRARY NILE UNIVERSITY OF NIGERIA - MAIN LIBRARY 04/23/2025 0191806 04/23/2025 Books